000 00575nam a22001577a 4500
020 _a9789332551893
082 _a657.3
100 _aFraser,Lyn M.
245 _aUnderstanding financial statements
250 _a10th
260 _aIndia
_bPearson education
_c2015
300 _a304
942 _cBK
999 _c2519
_d2519